Deutsche Städte mit gleichem Anfangs- und Endbuchstaben - Statistiken

Allgemein
  • Dieses Quiz wurde 120 mal gespielt
    65 seit der letzten Aktualisierung
  • Das Durchschnittsergebnis liegt bei 5 aus 15
Antwortstatistiken
Buchstabe Einwohner BL Antwort % Korrekt
D 595.471 NW Dortmund
93%
M 316.877 BW Mannheim
86%
M 173.255 NW Mülheim (an der Ruhr)
52%
D 74.835 NW Detmold
50%
N 47.097 SL Neunkirchen (Saar)
33%
S 34.893 SL Saarlouis
31%
N 41.233 TH Nordhausen
26%
N 41.447 BW Nürtingen
26%
N 55.619 NI Nordhorn
21%
M 43.524 NW Monheim (am Rhein)
17%
G 41.822 BY Germering
16%
H 61.252 NW Hürth
14%
N 31.803 BB Neuruppin
7%
G 31.198 NW Gevelsberg
5%
H 47.071 NW Herzogenrath
3%
Keine übereinstimmenden Quizze gefunden
Verteilung der Resultate
Anzahl Personen mit jedem Resultat
Perzentil nach korrekt beantworteten Fragen
Ihre Resultats-Entwicklung
Sie haben dieses Quiz seit der letzten Aktualisierung nicht gespielt